000
00340nam a2200157Ia 4500
003
Ost
005
20260225132556.0
008
260225s9999||||xx |||||||||||||| ||und||
040
_c
fsic
041
_a
fre
082
_a
302.23
100
_a
Mouloud Feraoun
_e
Auteur
245
0
_a
Journal /
245
0
_c
Mouloud Feraoun
942
_c
كتاب
999
_c
34490
_d
34490